Culture Générale - Afrique #4 - Statistiques

Statistiques générales
  • Ce quiz a été pris 83 fois
  • Le résultat moyen est 5 sur 15
Statistiques - réponses
Hint Réponse % Correct
Dans quel pays d’Afrique s’est déroulée la Coupe du Monde 2010? Afrique du Sud
70%
Le canal de Suez se situe entre deux mers, la Mer Méditerranée et …. Mer Rouge
66%
Où se trouve la région du Darfour? Soudan
63%
De quelle langue provient la devise « Hakuna Matata » cité dans le Roi Lion? Swahili
54%
Dans quelle ville se trouve la plus grande mosquée du continent ? Alger
52%
Quel est le nom de la monnaie utilisée dans plusieurs pays d’Afrique notamment les Comores, le Tchad et la Guinée-Bissau? Franc CFA
46%
Dans quel pays est né la femme politique française Segolène Royale? Sénégal
45%
Citez un pays d’Afrique de l’Ouest qui fut colonisé par l’Allemagne Togo | Cameroun
40%
Quel pays est le plus grand producteur de thé en Afrique? Kenya
22%
Après Tunis, quelle est la deuxième plus grande ville de Tunisie? Sfax
22%
Quelle ville d’Afrique subsaharienne fut nommé par le général De Gaulle « capitale de la France libre » Brazzaville
16%
Dans quel pays se trouve le mausolée du président Mobutu Sese Seko? Maroc
9%
Quel est le premier artiste africain à avoir remplie la salle de Bercy à Paris? Koffi Olomidé
4%
Après son divorce, quelle première dame d’Afrique se lance dans une carrière musicale? Patience Dabany
3%
Quelle fille de président deviendra plus tard première dame d’un autre pays d’Afrique de 1990 jusqu’à sa mort en 2009? Edith Lucie Bongo
0%
Aucun quiz correspondant
Distribution des résultats
% des personnes avec chaque résultat
Percentile par nombre de réponses
Votre historique - résultats
Vous n’avez pas pris ce quiz